000 00876nam a22002777a 4500
001 BR7703384
003 BR-BrBNA
005 20230928085320.0
007 ta
008 230509b bl.||||| |||| 00| 0 por d
040 _aBR-BrBNA
_bpor
_cBiblioteca Nacional de Agricultura
041 _a(Por)
072 _aC00; E30
_b/G514
090 _ C00 BR7703384
110 1 _aSubsecretaria de Planejamento e Orcamento, Brasilia, DF (Brasil)
245 1 _aCurso de planejamento agricola regional [Brasil]
_bConvenio com o Centro de Desenvolvimento e Planejamento Regional da Universidade Federal de Minas Gerais
260 3 _aBrasilia, DF (Brasil):
_c[nd].
300 _a26 p.
500 _aPublished 1977?
650 _aEducacao
650 _aPlanejamento agricola
650 _aCurso
650 _aEnsino superior
909 _a202309
_bLucia
_c55
_dLucia Elande
942 _cBK
999 _c23812
_d23812